Vývoj a programovanie riadiaceho algoritmu pre technológiu budovy v RS DCU control system platform

Guardado en:
Detalles Bibliográficos
Autor principal: Pelech, František (Autor)
Otros Autores: Nemlaha, Eduard (Orientador)
Formato: Manuscrito Libro
Lenguaje:eslovaco
Publicado: 2019
Materias:
Acceso en línea:http://is.stuba.sk/zp/portal_zp.pl?podrobnosti=143679
Etiquetas: Agregar Etiqueta
Sin Etiquetas, Sea el primero en etiquetar este registro!

MARC

LEADER 00000ntm a22000003a 4500
001 stuzp72163
003 SK-STU
005 20190615211900.6
007 ta
008 150427s2015----xo-----f-mn---000-0-slo-d
040 |a STU  |b slo 
041 0 |a slo 
100 1 |a Pelech, František  |u 066000  |k Z4  |4 aut  |U MTF Materiálovotechnologická fakulta  |T MTF Ústav aplikovanej informatiky, automatizácie a mechatroniky  |X 44249  |U M6000  |Y 86  |7 44249 
242 0 1 |a Development and Programming of Controlling Algorithm for Building Ventilation in RS DCU control system platform  |y eng 
245 1 0 |a Vývoj a programovanie riadiaceho algoritmu pre technológiu budovy v RS DCU control system platform 
260 |c 2019 
650 4 |a Vzduchotechnika  |2 slo 
650 4 |a Scilab  |2 slo 
650 4 |a Xcos  |2 slo 
650 4 |a DCU  |2 slo 
650 4 |a Scilab  |2 eng 
650 4 |a Xcos  |2 eng 
650 4 |a DCU  |2 eng 
650 4 |a Ventilation  |2 eng 
700 1 |a Nemlaha, Eduard  |u 066000  |k Z1  |4 ths  |U MTF Materiálovotechnologická fakulta  |T MTF Ústav aplikovanej informatiky, automatizácie a mechatroniky  |X 2759  |U M6000  |Y 86  |7 A000002759 
856 4 |u http://is.stuba.sk/zp/portal_zp.pl?podrobnosti=143679 
996 |c M* DP-13880  |l MMSKP  |s P  |a 0  |w stuzp72163_0001